The day I saw your heart (Record no. 279552)
[ view plain ]
| 000 -LEADER | |
|---|---|
| fixed length control field | 02990ngm a2200589 a 4500 |
| 001 - CONTROL NUMBER | |
| control field | rdv90000071 |
| 003 - CONTROL NUMBER IDENTIFIER | |
| control field | CtWfDGI |
| 005 - DATE AND TIME OF LATEST TRANSACTION | |
| control field | 20200320190653.0 |
| 007 - PHYSICAL DESCRIPTION FIXED FIELD--GENERAL INFORMATION | |
| fixed length control field | vd cvaizq |
| 008 - FIXED-LENGTH DATA ELEMENTS--GENERAL INFORMATION | |
| fixed length control field | 121113s2012 nyu102 g vlfre d |
| 020 ## - INTERNATIONAL STANDARD BOOK NUMBER | |
| International Standard Book Number | 9781470323615 |
| 028 41 - PUBLISHER NUMBER | |
| Publisher number | DV0071 |
| Source | RB Media |
| 040 ## - CATALOGING SOURCE | |
| Original cataloging agency | CtWfDGI |
| Language of cataloging | eng |
| Transcribing agency | CtWfDGI |
| 041 0# - LANGUAGE CODE | |
| Language code of text/sound track or separate title | fre |
| -- | eng |
| 050 14 - LIBRARY OF CONGRESS CALL NUMBER | |
| Classification number | PN1995.9.F67 |
| Item number | D39 2012 |
| 082 04 - DEWEY DECIMAL CLASSIFICATION NUMBER | |
| Classification number | 791.43 |
| Edition number | 22 |
| 245 04 - TITLE STATEMENT | |
| Title | The day I saw your heart |
| Medium | [videorecording] / |
| Statement of responsibility, etc | Film Movement, Aïssa Djabri, and Farid Lahouassa present ; a film by Jennifer Devoldère ; a coproduction [of] Vertigo Productions ... [et al.] with the participation of TPS Star and Cinecinema. |
| 260 ## - PUBLICATION, DISTRIBUTION, ETC. (IMPRINT) | |
| Place of publication, distribution, etc | [New York] : |
| Name of publisher, distributor, etc | Film Movement ; |
| Place of publication, distribution, etc | Prince Frederick, Md. : |
| Name of publisher, distributor, etc | Distributed by RB Media, |
| Date of publication, distribution, etc | [2012] |
| 300 ## - PHYSICAL DESCRIPTION | |
| Extent | 1 videodisc (98, 4 min.) : |
| Other physical details | sd., col. ; |
| Dimensions | 4 3/4 in. |
| 490 1# - SERIES STATEMENT | |
| Series statement | Film Movement series ; |
| Volume number/sequential designation | year 10, film 7 |
| 500 ## - GENERAL NOTE | |
| General note | Title from container. |
| 500 ## - GENERAL NOTE | |
| General note | Enhanced for widescreen TV (16x9). |
| 500 ## - GENERAL NOTE | |
| General note | Special features include: This month's short film: Don't tell Santa you're Jewish / dir. Jody Kramer. |
| 500 ## - GENERAL NOTE | |
| General note | Originally released as motion picture in 2011. |
| 511 1# - PARTICIPANT OR PERFORMER NOTE | |
| Participant or performer note | Mélanie Laurent, Michel Blanc, Florence Loiret Caille. |
| 520 ## - SUMMARY, ETC. | |
| Summary, etc | Eli, who's about to be 60, is expecting a baby with his new wife. Upon hearing this news, his two grown daughters, Dom, who is trying to adopt, and Justine, who flits from one boyfriend to the next, are shocked. To get closer to Justine, whom he has never gotten along with, Eli has the bright idea of making friends with all of her exes ... without her knowledge. But when Justine falls in love again and Eli is about to ruin everything, this family is on the verge of falling apart. |
| 521 8# - TARGET AUDIENCE NOTE | |
| Target audience note | Not rated by the MPAA. |
| 538 ## - SYSTEM DETAILS NOTE | |
| System details note | DVD; Dolby surround; region 1. |
| 546 ## - LANGUAGE NOTE | |
| Language note | In French with English subtitles; closed-captioned. |
| 650 #0 - SUBJECT ADDED ENTRY--TOPICAL TERM | |
| Topical term or geographic name as entry element | Older parents |
| Form subdivision | Drama. |
| 9 (RLIN) | 5875799 |
| 650 #0 - SUBJECT ADDED ENTRY--TOPICAL TERM | |
| Topical term or geographic name as entry element | Fathers and daughters |
| Form subdivision | Drama. |
| 9 (RLIN) | 5690624 |
| 650 #0 - SUBJECT ADDED ENTRY--TOPICAL TERM | |
| Topical term or geographic name as entry element | Families |
| Form subdivision | Drama. |
| 9 (RLIN) | 5675607 |
| 655 #0 - INDEX TERM--GENRE/FORM | |
| Genre/form data or focus term | Video recordings for the hearing impaired. |
| 9 (RLIN) | 5875800 |
| 655 #7 - INDEX TERM--GENRE/FORM | |
| Genre/form data or focus term | Feature films. |
| Source of term | gsafd |
| 9 (RLIN) | 5875801 |
| 655 #7 - INDEX TERM--GENRE/FORM | |
| Genre/form data or focus term | Comedy films. |
| Source of term | gsafd |
| 9 (RLIN) | 102658 |
| 700 1# - ADDED ENTRY--PERSONAL NAME | |
| Personal name | Devoldère, Jennifer. |
| Relator code | drt |
| 9 (RLIN) | 5875802 |
| 700 1# - ADDED ENTRY--PERSONAL NAME | |
| Personal name | Djabri, Aïssa. |
| Relator code | pro |
| 9 (RLIN) | 5875803 |
| 700 1# - ADDED ENTRY--PERSONAL NAME | |
| Personal name | Lahouassa, Farid. |
| Relator code | pro |
| 9 (RLIN) | 5875804 |
| 700 1# - ADDED ENTRY--PERSONAL NAME | |
| Personal name | Laurent, Mélanie, |
| Dates associated with a name | 1983- |
| Relator code | act |
| 9 (RLIN) | 5854744 |
| 700 1# - ADDED ENTRY--PERSONAL NAME | |
| Personal name | Blanc, Michel, |
| Dates associated with a name | 1952- |
| Relator code | act |
| 9 (RLIN) | 38077 |
| 700 1# - ADDED ENTRY--PERSONAL NAME | |
| Personal name | Loiret-Caille, Florence. |
| Relator code | act |
| 9 (RLIN) | 5875805 |
| 710 2# - ADDED ENTRY--CORPORATE NAME | |
| Corporate name or jurisdiction name as entry element | Film Movement. |
| 9 (RLIN) | 5859439 |
| 710 2# - ADDED ENTRY--CORPORATE NAME | |
| Corporate name or jurisdiction name as entry element | Vertigo productions. |
| 9 (RLIN) | 5875806 |
| 710 2# - ADDED ENTRY--CORPORATE NAME | |
| Corporate name or jurisdiction name as entry element | TPS Star (Firm) |
| 9 (RLIN) | 5840683 |
| 710 2# - ADDED ENTRY--CORPORATE NAME | |
| Corporate name or jurisdiction name as entry element | Cinécinéma (Firm) |
| 9 (RLIN) | 5870754 |
| 740 02 - ADDED ENTRY--UNCONTROLLED RELATED/ANALYTICAL TITLE | |
| Uncontrolled related/analytical title | Don't tell Santa you're Jewish. |
| 830 #0 - SERIES ADDED ENTRY--UNIFORM TITLE | |
| Uniform title | Film Movement series ; |
| Volume number/sequential designation | year 10, film 7. |
| 9 (RLIN) | 70219 |
| 942 ## - ADDED ENTRY ELEMENTS (KOHA) | |
| Koha item type | DVD |
| 945 ## - LOCAL PROCESSING INFORMATION (OCLC) | |
| c | (OCoLC)0818220248 |
| 948 ## - LOCAL PROCESSING INFORMATION (OCLC); SERIES PART DESIGNATOR (RLIN) | |
| Series part designator, SPT (RLIN) | 12/28/2012 |
| z (OCLC) | Sirsi |
| 996 ## - | |
| -- | 94882 |
| -- | 34301001130519 |
| -- | DVD |
| -- | DVD |
| -- | wcl |
| -- | i |
| -- | 14 |
| -- | 41.95 |
| -- | recordedbooks |
| -- | Day |
| -- | 12/28/2012 |
| -- | 09/30/2019 |
| -- | 09/24/2019 |
| Withdrawn status | Lost status | Source of classification or shelving scheme | Damaged status | Not for loan | Collection code | Home library | Current library | Shelving location | Date acquired | Source of acquisition | Cost, normal purchase price | Total Checkouts | Total Renewals | Full call number | Barcode | Date last seen | Date checked out | Cost, replacement price | Price effective from | Koha item type |
|---|---|---|---|---|---|---|---|---|---|---|---|---|---|---|---|---|---|---|---|---|
| Dewey Decimal Classification | Movies | Wasatch County Library | Wasatch County Library | Audio Visual Area | 12/28/2012 | 41.95 | 15 | 1 | DVD Day | 34301001130519 | 03/07/2024 | 09/30/2022 | 41.95 | 03/20/2020 | DVD |
